Soluciones de ingeniería

Guardado en:
書目詳細資料
格式: 圖書
語言:Spanish
出版: Colombia: Departamento de Ingeniería PAVCO 2004
主題:
標簽: 添加標簽
沒有標簽, 成為第一個標記此記錄!

MARC

LEADER 00000nam a2200000Ia 4500
003 MV0074
005 20221231143935.0
008 140114s2004 cl a 000 ||spa d
040 |c cru CEDI 
090 |a MV 74 
245 |a Soluciones de ingeniería  
260 |a Colombia: Departamento de Ingeniería PAVCO  |c 2004 
300 |a 50 páginas : ilustraciones  
650 |x GEOSINTETICOS   |x GEOMALLAS   |x GEOTEXTILES  |9 21567 
942 |c MX 
999 |c 14552  |d 14552